000 00670nam a22001457a 4500
020 _a978-0-552-55996-6
082 _a823
_bPAO/B
100 _aPAOLINI CHRISTOPHER
245 _aBRISINGR
_bINHERITANCE BOOK THREE
260 _aGREAT BRITAIN
_bCORGI BOOKS
_c2009
300 _a763
520 _aEragon and Saphira struggle to fulfill the promises they have made: to help Roran rescue Katrina from the Ra'zac, to keep the Varden united and obey Nasuada, to complete their training with the elves, to repair the Dwarves' star sapphire, to undo their spell on Elva, to support Orik, and to avenge Hrothgar, Garrow, and Kvistor.
650 _aNOVEL
_zGREAT BRITAIN
942 _cBK
999 _c3691
_d3691